000 00776nam a22002657a 4500
999 _c9381
_d9381
001 3541043
005 20171204152354.0
008 970213s1996 ke 000 0 eng
010 _a 96982316
020 _a9966465014
040 _aDLC
_cDLC
042 _alcode
050 0 0 _aMLCS 96/01453 (P)
100 1 _aImenda, Sitwala.
245 1 0 _aUnmarried wife /
_cSitwala Imenda ; Antonie van Aardt (adviser).
260 _aNairobi :
_bSpear Books,
_c1996.
300 _a141 p. ;
_c18 cm.
490 1 _aSpear book series
650 _aKenyan fiction (English)
830 0 _aSpear books series.
906 _a7
_bcbc
_corigode
_du
_encip
_f19
_gy-gencatlg
942 _2lcc
_cAFRICANA